[Event "DEM U10w 2017"]
[Site "Willingen GER"]
[Date "2017.06.07"]
[Round "7"]
[White "Ottlik, Marie"]
[Black "Stepanjan, Marianne"]
[Result "1-0"]
[Termination "normal"]
[Board "14"]
[WhiteElo "1013"]
[BlackElo "880"]
[PlyCount "105"]
[WhiteFideId "16281730"]
[BlackFideId "16246110"]
[EventCountry "GER"]
[EventRounds "11"]
[EventType "swiss"]
[EventDate "2017.06.03"]

1. e4 e5 2. Nf3 Nc6 3. Bc4 Nf6 4. d3 d5 5. exd5 Nxd5 6. c3 Bc5 7. Nbd2 a6 8.
Bb3 b5 9. O-O O-O 10. Re1 Re8 11. Nf1 Bb7 12. Ng3 Nf4 13. Bxf4 exf4 14. Rxe8+
Qxe8 15. Nf5 g6 16. Nh6+ Kg7 17. Qd2 Kxh6 18. Qxf4+ Kg7 19. Qxc7 Rb8 20. Re1
Be7 21. Ne5 Qc8 22. Qxc8 Rxc8 23. Nxc6 Bxc6 24. Rxe7 Rf8 25. Rc7 Re8 26. Kf1
Ba8 27. Rxf7+ Kh8 28. Ra7 Rd8 29. Rxa6 Bd5 30. Bxd5 Rxd5 31. d4 Kg7 32. Rc6 Kf7
33. Rc5 Rxc5 34. dxc5 Ke6 35. Ke2 Kd5 36. b4 Kc6 37. g4 h6 38. f4 Kd5 39. f5
Ke5 40. fxg6 Kf6 41. c6 Kxg6 42. c7 Kg5 43. c8=Q h5 44. Qc5+ Kg6 45. Qxb5 Kf6
46. a4 Ke6 47. a5 Kd6 48. a6 Kc7 49. a7 Kd6 50. a8=Q Kc7 51. Qaa6 Kd8 52. Qbb7
Ke8 53. Qaa8# 1-0

[Event "DEM U10w 2017"]
[Site "Willingen GER"]
[Date "2017.06.07"]
[Round "7"]
[White "Hebestreit, Marie"]
[Black "Margaryan, Venera"]
[Result "0-1"]
[Termination "normal"]
[Board "16"]
[WhiteElo "896"]
[BlackElo "773"]
[PlyCount "62"]
[BlackFideId "16266226"]
[EventCountry "GER"]
[EventRounds "11"]
[EventType "swiss"]
[EventDate "2017.06.03"]

1. e4 c5 2. d4 e6 3. Be3 cxd4 4. Bxd4 Nf6 5. Nc3 Nc6 6. Nf3 Bd6 7. Bc4 e5 8.
Be3 Bb4 9. Ng5 d5 10. Bb5 d4 11. Bc4 Be6 12. Bxe6 fxe6 13. Bd2 dxc3 14. bxc3
Bc5 15. O-O O-O 16. Nxe6 Qd6 17. Nxc5 Qxc5 18. Qf3 Nd5 19. Qg3 Nf6 20. Rab1
Nxe4 21. Qg4 Nxd2 22. Rxb7 Ne7 23. Qe6+ Kh8 24. Rxe7 Nxf1 25. Qf7 Rxf7 26. Rxf7
Nd2 27. h3 h6 28. g4 Ne4 29. h4 Rf8 30. Rxf8+ Qxf8 31. f3 Qxf3 0-1

[Event "DEM U10w 2017"]
[Site "Willingen GER"]
[Date "2017.06.07"]
[Round "7"]
[White "Khanbekyan, Nare"]
[Black "Claussen, Kim Sophie"]
[Result "1-0"]
[Termination "normal"]
[Board "17"]
[WhiteElo "952"]
[BlackElo "845"]
[PlyCount "51"]
[WhiteFideId "16270916"]
[EventCountry "GER"]
[EventRounds "11"]
[EventType "swiss"]
[EventDate "2017.06.03"]

1. e4 e5 2. Nf3 Nc6 3. d4 Bb4+ 4. c3 Ba5 5. dxe5 d6 6. Bg5 f6 7. exf6 Nxf6 8.
Nbd2 h6 9. Bf4 Nxe4 10. Nxe4 Qe7 11. Qe2 Bf5 12. Ng3 Qxe2+ 13. Bxe2 O-O-O 14.
Nxf5 Rde8 15. Nxg7 Reg8 16. Nf5 Re8 17. g3 Re6 18. O-O Rhe8 19. Rfe1 Nd4 20.
N3xd4 Kb8 21. Nxe6 Rxe6 22. Bg4 Rg6 23. Bh5 Rf6 24. Bd2 b6 25. Bf3 Rg6 26. Re8#
1-0

[Event "DEM U10w 2017"]
[Site "Willingen GER"]
[Date "2017.06.07"]
[Round "7"]
[White "Heuberger, Sandra"]
[Black "Truong, Bao Ngoc"]
[Result "1-0"]
[Termination "normal"]
[Board "18"]
[WhiteElo "902"]
[BlackElo "749"]
[PlyCount "99"]
[WhiteFideId "16232151"]
[EventCountry "GER"]
[EventRounds "11"]
[EventType "swiss"]
[EventDate "2017.06.03"]

1. e4 e6 2. d4 d5 3. exd5 exd5 4. Nf3 Bg4 5. Be2 Nf6 6. O-O g6 7. Nc3 Bg7 8.
Bg5 O-O 9. Qd3 h6 10. Bh4 Nc6 11. Qe3 Bxf3 12. Bxf3 Re8 13. Qd3 g5 14. Bg3 Nb4
15. Qd2 Ne4 16. Nxe4 dxe4 17. Bg4 Nc6 18. d5 Ne5 19. Bh5 c6 20. Rad1 cxd5 21.
Qxd5 Qxd5 22. Rxd5 f6 23. Bxe8 Rxe8 24. h3 Rc8 25. c3 a6 26. Rfd1 Nc6 27. Re1
Ne7 28. Rd2 Nf5 29. Bh2 Bf8 30. Rxe4 Bc5 31. Kh1 Bxf2 32. Rxf2 Rc5 33. Rd2 Kg7
34. Rd7+ Kg6 35. b4 Rc6 36. Re8 Rxc3 37. Rg8+ Kh5 38. g4+ Kh4 39. gxf5 Rxh3 40.
Rd4+ Kh5 41. Kg1 Rf3 42. Kg2 Rxf5 43. Rd3 g4 44. Kg3 b5 45. Rd7 Re5 46. Rxg4
Re3+ 47. Kf4 Re2 48. a3 Rxh2 49. Rd5+ f5 50. Rxf5# 1-0

[Event "DEM U10w 2017"]
[Site "Willingen GER"]
[Date "2017.06.08"]
[Round "8"]
[White "Zhou, Lepu Coco"]
[Black "Pohle, Saskia"]
[Result "0-1"]
[Termination "normal"]
[Board "1"]
[WhiteElo "1592"]
[BlackElo "1416"]
[WhiteClock "00:05:33"]
[BlackClock "00:22:12"]
[PlyCount "74"]
[WhiteFideId "16217136"]
[BlackFideId "16201604"]
[EventCountry "GER"]
[EventRounds "11"]
[EventType "swiss"]
[EventDate "2017.06.03"]

1. e4 {[%clk 1:15:59]} 1... e5 {[%clk 1:15:56]} 2. Nf3 {[%clk 1:16:23]} 2...
Nc6 {[%clk 1:16:22]} 3. Bb5 {[%clk 1:16:50]} 3... a6 {[%clk 1:15:24]} 4. Ba4 {
[%clk 1:17:15]} 4... Bc5 {[%clk 1:13:13]} 5. O-O {[%clk 1:17:36]} 5... Nf6 {
[%clk 1:13:32]} 6. c3 {[%clk 1:10:03]} 6... O-O {[%clk 1:06:36]} 7. d4 { [%clk
1:10:08]} 7... exd4 {[%clk 1:06:36]} 8. cxd4 {[%clk 1:10:26]} 8... Ba7 { [%clk
1:06:33]} 9. e5 {[%clk 1:04:31]} 9... Ne4 {[%clk 0:53:33]} 10. Bc2 { [%clk
1:00:25]} 10... d5 {[%clk 0:53:48]} 11. a3 {[%clk 0:54:17]} 11... Re8 { [%clk
0:52:20]} 12. Nc3 {[%clk 0:44:07]} 12... Nxc3 {[%clk 0:51:12]} 13. bxc3 { [%clk
0:44:29]} 13... Ne7 {[%clk 0:40:04]} 14. Ng5 {[%clk 0:38:02]} 14... h6 15. Nf3
{[%clk 0:31:02]} 15... c5 {[%clk 0:39:25]} 16. Nh4 {[%clk 0:25:18]} 16... cxd4
{[%clk 0:37:43]} 17. cxd4 {[%clk 0:22:47]} 17... Nc6 {[%clk 0:38:00] } 18. Nf3
{[%clk 0:19:16]} 18... Bg4 {[%clk 0:38:08]} 19. Bb2 {[%clk 0:16:32]} 19... Bxf3
{[%clk 0:37:39]} 20. Qxf3 {[%clk 0:15:38]} 20... Nxd4 { [%clk 0:37:48]} 21.
Bxd4 {[%clk 0:15:46]} 21... Bxd4 {[%clk 0:37:55]} 22. Rad1 {[%clk 0:15:15]}
22... Bxe5 {[%clk 0:38:16]} 23. Rxd5 {[%clk 0:15:27]} 23... Qc7 {[%clk
0:38:10]} 24. Rc1 {[%clk 0:14:12]} 24... Qe7 {[%clk 0:36:50]} 25. Qd3 {[%clk
0:13:14]} 25... g6 {[%clk 0:32:35]} 26. Rd7 {[%clk 0:12:59]} 26... Qg5 {[%clk
0:31:34]} 27. Rb1 {[%clk 0:12:09]} 27... Rad8 {[%clk 0:29:07]} 28. Rxd8 {[%clk
0:11:36]} 28... Rxd8 {[%clk 0:29:32]} 29. Qc4 {[%clk 0:10:47]} 29... Kg7 {[%clk
0:27:28]} 30. Bb3 {[%clk 0:10:27]} 30... Rd7 {[%clk 0:25:14]} 31. g3 {[%clk
0:09:42]} 31... Qf5 {[%clk 0:24:05]} 32. Re1 {[%clk 0:08:19]} 32... Bd4 {[%clk
0:23:18]} 33. Qc2 {[%clk 0:08:02]} 33... Qf6 {[%clk 0:22:54]} 34. Re4 {[%clk
0:06:26]} 34... Rc7 {[%clk 0:22:30]} 35. Qd2 {[%clk 0:05:57]} 35... Rc1+ {[%clk
0:21:52]} 36. Qxc1 {[%clk 0:05:44]} 36... Qxf2+ { [%clk 0:22:12]} 37. Kh1
{[%clk 0:05:33]} 37... Qf3# 0-1

[Event "DEM U10w 2017"]
[Site "Willingen GER"]
[Date "2017.06.08"]
[Round "8"]
[White "von Beckh, Frieda"]
[Black "Roncea, Andreea-Alexandra"]
[Result "1/2-1/2"]
[Termination "normal"]
[Board "2"]
[WhiteElo "1248"]
[BlackElo "1361"]
[WhiteClock "01:09:58"]
[BlackClock "01:13:41"]
[PlyCount "127"]
[WhiteFideId "16233751"]
[BlackFideId "16233115"]
[EventCountry "GER"]
[EventRounds "11"]
[EventType "swiss"]
[EventDate "2017.06.03"]

1. e4 {[%clk 1:15:55]} 1... e5 {[%clk 1:15:50]} 2. Nf3 {[%clk 1:16:20]} 2...
Nc6 {[%clk 1:16:07]} 3. Bc4 {[%clk 1:16:44]} 3... Bc5 {[%clk 1:16:20]} 4. c3 {
[%clk 1:17:05]} 4... Nf6 {[%clk 1:16:37]} 5. d4 {[%clk 1:17:27]} 5... exd4 {
[%clk 1:17:00]} 6. e5 {[%clk 1:17:52]} 6... d5 {[%clk 1:17:20]} 7. Bb5 { [%clk
1:18:14]} 7... Ne4 {[%clk 1:17:36]} 8. cxd4 {[%clk 1:18:26]} 8... Be7 { [%clk
1:17:41]} 9. O-O {[%clk 1:18:32]} 9... O-O {[%clk 1:17:53]} 10. Bd2 { [%clk
1:18:24]} 10... Bg4 {[%clk 1:17:19]} 11. Be3 {[%clk 1:18:07]} 11... f6 { [%clk
1:15:54]} 12. Nc3 {[%clk 1:16:42]} 12... fxe5 {[%clk 1:13:01]} 13. Bxc6 { [%clk
1:15:30]} 13... bxc6 {[%clk 1:11:12]} 14. dxe5 Qe8 15. Nxd5 { [%clk 1:11:02]}
15... cxd5 {[%clk 1:09:41]} 16. Qxd5+ {[%clk 1:11:04]} 16... Qf7 {[%clk
1:09:40]} 17. Qxe4 {[%clk 1:11:11]} 17... Bxf3 {[%clk 1:09:58]} 18. Qxf3 {[%clk
1:10:48]} 18... Qxf3 {[%clk 1:10:11]} 19. gxf3 {[%clk 1:11:00]} 19... Rxf3
{[%clk 1:09:59]} 20. Rac1 {[%clk 1:11:12]} 20... Bd8 {[%clk 1:09:43] } 21. Rfd1
{[%clk 1:11:28]} 21... Rf7 {[%clk 1:09:26]} 22. Bxa7 {[%clk 1:11:16] } 22...
Bg5 {[%clk 1:08:08]} 23. Be3 {[%clk 1:11:13]} 23... Bxe3 24. fxe3 { [%clk
1:11:34]} 24... Rxa2 {[%clk 1:08:42]} 25. Rd8+ {[%clk 1:10:37]} 25... Rf8
{[%clk 1:09:05]} 26. Rxf8+ {[%clk 1:10:58]} 26... Kxf8 {[%clk 1:09:28]} 27.
Rxc7 {[%clk 1:11:15]} 27... Rxb2 {[%clk 1:09:46]} 28. Rc4 {[%clk 1:11:19]}
28... Re2 {[%clk 1:09:49]} 29. Re4 {[%clk 1:11:36]} 29... Ke7 {[%clk 1:10:11]}
30. e6 {[%clk 1:11:41]} 30... g6 {[%clk 1:10:28]} 31. h4 {[%clk 1:10:08]} 31...
h6 {[%clk 1:08:26]} 32. Kf1 {[%clk 1:09:35]} 32... Rh2 {[%clk 1:08:44]} 33. Ke1
{[%clk 1:09:50]} 33... g5 {[%clk 1:08:36]} 34. hxg5 {[%clk 1:09:53]} 34... hxg5
{[%clk 1:08:59]} 35. Rg4 {[%clk 1:09:45]} 35... Kxe6 {[%clk 1:08:44]} 36. Rxg5
{[%clk 1:09:52]} 36... Kf6 {[%clk 1:09:04]} 37. Rg1 {[%clk 1:09:27]} 37... Ke5
{[%clk 1:09:27]} 38. Rg8 {[%clk 1:08:36]} 38... Kf6 {[%clk 1:06:17]} 39. Rg3 {
[%clk 1:08:20]} 39... Ke5 {[%clk 1:06:25]} 40. Rf3 {[%clk 1:07:12]} 40... Ke4 {
[%clk 1:06:06]} 41. Rf2 {[%clk 1:05:34]} 41... Rxf2 {[%clk 1:06:12]} 42. Kxf2 {
[%clk 1:05:59]} 42... Ke5 {[%clk 1:06:36]} 43. Kf3 {[%clk 1:05:39]} 43... Kf5 {
[%clk 1:06:56]} 44. e4+ {[%clk 1:05:28]} 44... Ke5 {[%clk 1:07:23]} 45. Ke3 {
[%clk 1:05:49]} 45... Ke6 {[%clk 1:07:48]} 46. Kd3 {[%clk 1:05:21]} 46... Ke5 {
[%clk 1:08:08]} 47. Ke3 {[%clk 1:05:45]} 47... Ke6 {[%clk 1:08:33]} 48. Kf4 {
[%clk 1:05:27]} 48... Kf6 {[%clk 1:08:56]} 49. Kg4 {[%clk 1:05:19]} 49... Ke5 {
[%clk 1:09:18]} 50. Kf3 {[%clk 1:05:37]} 50... Ke6 {[%clk 1:09:38]} 51. Kf4 {
[%clk 1:05:49]} 51... Kf6 {[%clk 1:09:59]} 52. e5+ {[%clk 1:06:14]} 52... Ke6 {
[%clk 1:10:25]} 53. Ke4 {[%clk 1:06:39]} 53... Ke7 {[%clk 1:10:45]} 54. Kf5 {
[%clk 1:06:57]} 54... Kf7 {[%clk 1:11:05]} 55. e6+ {[%clk 1:06:59]} 55... Ke7 {
[%clk 1:11:31]} 56. Ke5 {[%clk 1:07:17]} 56... Ke8 {[%clk 1:11:56]} 57. Kd6 {
[%clk 1:07:35]} 57... Kd8 {[%clk 1:12:20]} 58. Ke5 {[%clk 1:07:58]} 58... Ke7 {
[%clk 1:12:45]} 59. Kf5 {[%clk 1:08:18]} 59... Ke8 {[%clk 1:13:10]} 60. Kg6 {
[%clk 1:08:41]} 60... Ke7 {[%clk 1:13:32]} 61. Kf5 {[%clk 1:08:49]} 61... Ke8 {
[%clk 1:12:51]} 62. Kf6 {[%clk 1:09:09]} 62... Kf8 {[%clk 1:13:16]} 63. e7+ {
[%clk 1:09:35]} 63... Ke8 {[%clk 1:13:41]} 64. Ke6 {[%clk 1:09:58]} 1/2-1/2

[Event "DEM U10w 2017"]
[Site "Willingen GER"]
[Date "2017.06.08"]
[Round "8"]
[White "Fischer, Darja"]
[Black "Ramien, Hannah"]
[Result "0-1"]
[Termination "normal"]
[Board "3"]
[WhiteElo "1196"]
[BlackElo "1243"]
[WhiteClock "01:17:51"]
[BlackClock "01:17:59"]
[PlyCount "112"]
[WhiteFideId "16240898"]
[BlackFideId "16209982"]
[EventCountry "GER"]
[EventRounds "11"]
[EventType "swiss"]
[EventDate "2017.06.03"]

1. e4 {[%clk 1:15:58]} 1... e5 {[%clk 1:15:52]} 2. Nf3 {[%clk 1:16:24]} 2...
Nc6 {[%clk 1:16:12]} 3. Nc3 {[%clk 1:16:50]} 3... Nf6 {[%clk 1:16:33]} 4. Bc4 {
[%clk 1:17:03]} 4... Nxe4 {[%clk 1:16:50]} 5. Nxe4 {[%clk 1:17:19]} 5... d5 {
[%clk 1:17:12]} 6. Bd3 {[%clk 1:17:35]} 6... dxe4 {[%clk 1:17:32]} 7. Bxe4 {
[%clk 1:17:53]} 7... Bg4 {[%clk 1:16:02]} 8. O-O {[%clk 1:15:48]} 8... f5 {
[%clk 1:16:08]} 9. Bxc6+ {[%clk 1:15:55]} 9... bxc6 {[%clk 1:16:24]} 10. d3 {
[%clk 1:15:33]} 10... e4 {[%clk 1:14:12]} 11. dxe4 {[%clk 1:15:54]} 11... Qxd1
{[%clk 1:14:03]} 12. Rxd1 {[%clk 1:16:19]} 12... fxe4 {[%clk 1:14:05]} 13. h3 {
[%clk 1:16:10]} 13... Bxf3 {[%clk 1:12:20]} 14. gxf3 {[%clk 1:16:28]} 14...
exf3 {[%clk 1:12:41]} 15. Re1+ {[%clk 1:16:42]} 15... Kf7 {[%clk 1:11:10]} 16.
Bf4 {[%clk 1:16:28]} 16... Bd6 {[%clk 1:10:26]} 17. Bg3 {[%clk 1:14:24]} 17...
Bxg3 {[%clk 1:10:17]} 18. fxg3 {[%clk 1:14:39]} 18... Rhf8 {[%clk 1:10:34]} 19.
Re3 {[%clk 1:14:22]} 19... Kg8 {[%clk 1:10:11]} 20. Rf1 {[%clk 1:14:27]} 20...
Rab8 {[%clk 1:09:32]} 21. b3 {[%clk 1:14:37]} 21... Rbd8 {[%clk 1:07:50]} 22.
Rexf3 {[%clk 1:14:45]} 22... Rxf3 {[%clk 1:07:47]} 23. Rxf3 {[%clk 1:15:10]}
23... Rd1+ {[%clk 1:08:05]} 24. Rf1 {[%clk 1:15:15]} 24... Rxf1+ { [%clk
1:08:16]} 25. Kxf1 {[%clk 1:15:36]} 25... Kf7 {[%clk 1:08:38]} 26. Ke2 { [%clk
1:15:58]} 26... Ke6 {[%clk 1:09:01]} 27. Ke3 {[%clk 1:15:19]} 27... Ke5 { [%clk
1:08:54]} 28. c4 {[%clk 1:14:42]} 28... c5 {[%clk 1:09:02]} 29. a4 { [%clk
1:13:55]} 29... a5 {[%clk 1:09:11]} 30. g4 {[%clk 1:13:20]} 30... g5 { [%clk
1:08:55]} 31. Kf3 {[%clk 1:11:43]} 31... Kd4 {[%clk 1:09:05]} 32. Kg3 { [%clk
1:11:45]} 32... Kc3 {[%clk 1:09:21]} 33. h4 {[%clk 1:12:10]} 33... h6 { [%clk
1:09:41]} 34. hxg5 {[%clk 1:12:35]} 34... hxg5 {[%clk 1:10:04]} 35. Kf3 { [%clk
1:12:55]} 35... Kxb3 {[%clk 1:10:18]} 36. Ke4 {[%clk 1:12:54]} 36... Kxa4
{[%clk 1:10:41]} 37. Kf5 {[%clk 1:13:01]} 37... Kb3 {[%clk 1:11:05]} 38. Kxg5 {
[%clk 1:13:25]} 38... a4 {[%clk 1:11:30]} 39. Kh6 {[%clk 1:13:00]} 39... a3 {
[%clk 1:11:51]} 40. g5 {[%clk 1:13:29]} 40... a2 {[%clk 1:12:11]} 41. g6 {
[%clk 1:13:55]} 41... a1=Q {[%clk 1:12:29]} 42. g7 {[%clk 1:14:17]} 42... Qxg7+
{[%clk 1:12:52]} 43. Kxg7 {[%clk 1:14:38]} 43... Kxc4 {[%clk 1:13:17]} 44. Kf6
{[%clk 1:14:57]} 44... Kd4 {[%clk 1:13:41]} 45. Kf5 {[%clk 1:15:15]} 45... c4 {
[%clk 1:13:56]} 46. Kf4 {[%clk 1:14:56]} 46... c3 {[%clk 1:14:15]} 47. Kf3 {
[%clk 1:15:14]} 47... c2 {[%clk 1:14:41]} 48. Ke2 {[%clk 1:15:40]} 48... c1=Q {
[%clk 1:15:03]} 49. Kf2 {[%clk 1:16:03]} 49... Qc3 {[%clk 1:15:25]} 50. Ke2 {
[%clk 1:16:22]} 50... Qd3+ {[%clk 1:15:49]} 51. Kf2 {[%clk 1:16:48]} 51... Qe3+
{[%clk 1:16:11]} 52. Kf1 {[%clk 1:17:01]} 52... Qd2 {[%clk 1:16:28]} 53. Kg1 {
[%clk 1:17:18]} 53... Qe2 {[%clk 1:16:42]} 54. Kh1 {[%clk 1:17:33]} 54... Ke3 {
[%clk 1:17:08]} 55. Kg1 {[%clk 1:17:47]} 55... Kf3 {[%clk 1:17:33]} 56. Kh1 {
[%clk 1:17:51]} 56... Qg2# {[%clk 1:17:59]} 0-1

[Event "DEM U10w 2017"]
[Site "Willingen GER"]
[Date "2017.06.08"]
[Round "8"]
[White "Peglau, Charis"]
[Black "Labuda, Annika"]
[Result "1-0"]
[Termination "normal"]
[Board "4"]
[WhiteElo "1193"]
[BlackElo "1144"]
[WhiteClock "01:00:13"]
[BlackClock "00:32:17"]
[PlyCount "135"]
[WhiteFideId "16219996"]
[BlackFideId "16261453"]
[EventCountry "GER"]
[EventRounds "11"]
[EventType "swiss"]
[EventDate "2017.06.03"]

1. e4 {[%clk 1:15:58]} 1... e5 {[%clk 1:15:53]} 2. Nf3 {[%clk 1:16:21]} 2...
Nc6 {[%clk 1:16:08]} 3. Bc4 {[%clk 1:16:44]} 3... Nf6 {[%clk 1:16:27]} 4. Ng5 {
[%clk 1:16:57]} 4... d5 {[%clk 1:16:48]} 5. exd5 {[%clk 1:17:21]} 5... Na5 {
[%clk 1:17:01]} 6. Bb5+ {[%clk 1:17:23]} 6... c6 {[%clk 1:17:17]} 7. dxc6 {
[%clk 1:17:41]} 7... bxc6 {[%clk 1:17:17]} 8. Bd3 {[%clk 1:18:00]} 8... h6 {
[%clk 1:13:17]} 9. Ne4 {[%clk 1:18:15]} 9... Bf5 {[%clk 1:08:15]} 10. Nxf6+ {
[%clk 1:17:28]} 10... Qxf6 {[%clk 1:07:49]} 11. Bxf5 {[%clk 1:17:29]} 11...
Qxf5 {[%clk 1:07:56]} 12. O-O {[%clk 1:17:46]} 12... Bd6 {[%clk 1:07:38]} 13.
d3 {[%clk 1:17:19]} 13... O-O {[%clk 1:07:38]} 14. Nc3 {[%clk 1:17:28]} 14...
Rfe8 {[%clk 1:06:52]} 15. Ne4 {[%clk 1:16:31]} 15... Bf8 {[%clk 1:05:30]} 16.
Bd2 {[%clk 1:16:34]} 16... Nb7 {[%clk 1:05:18]} 17. Qe2 {[%clk 1:16:20]} 17...
Re6 {[%clk 1:03:38]} 18. Rae1 {[%clk 1:15:28]} 18... Rg6 19. Ng3 { [%clk
1:15:32]} 19... Qe6 {[%clk 0:56:06]} 20. Qxe5 20... Qxa2 {[%clk 0:52:28]} 21.
Ra1 {[%clk 1:14:59]} 21... Qe6 {[%clk 0:51:20]} 22. Qxe6 {[%clk 1:15:18]} 22...
Rxe6 {[%clk 0:50:46]} 23. Rfe1 {[%clk 1:15:24]} 23... Rf6 {[%clk 0:49:06] } 24.
Bc3 {[%clk 1:15:27]} 24... Rf4 {[%clk 0:47:54]} 25. Re4 {[%clk 1:15:03]} 25...
Rxe4 {[%clk 0:47:09]} 26. Nxe4 {[%clk 1:15:24]} 26... Nc5 {[%clk 0:46:10] } 27.
Nxc5 {[%clk 1:15:29]} 27... Bxc5 {[%clk 0:46:28]} 28. Ra6 {[%clk 1:15:50] }
28... Bb6 {[%clk 0:45:57]} 29. d4 {[%clk 1:15:37]} 29... Re8 {[%clk 0:46:11]}
30. Kf1 {[%clk 1:15:40]} 30... f5 {[%clk 0:45:49]} 31. b3 {[%clk 1:15:22]}
31... Kf7 {[%clk 0:45:55]} 32. Bb2 {[%clk 1:15:43]} 32... c5 {[%clk 0:44:09]}
33. d5 {[%clk 1:14:57]} 33... Re7 {[%clk 0:42:24]} 34. c4 {[%clk 1:14:29]}
34... g5 {[%clk 0:41:51]} 35. Bc1 {[%clk 1:13:43]} 35... Kf6 {[%clk 0:41:27]}
36. Ba3 {[%clk 1:13:30]} 36... Rc7 {[%clk 0:40:37]} 37. Ke2 {[%clk 1:11:39]}
37... Ke5 {[%clk 0:40:42]} 38. Ke3 {[%clk 1:11:08]} 38... f4+ {[%clk 0:40:55]}
39. Kd3 {[%clk 1:11:14]} 39... h5 {[%clk 0:40:44]} 40. Bb2+ {[%clk 1:11:20]}
40... Kf5 {[%clk 0:40:52]} 41. f3 {[%clk 1:10:43]} 41... g4 {[%clk 0:39:54]}
42. fxg4+ {[%clk 1:10:21]} 42... Kxg4 {[%clk 0:40:11]} 43. Ke4 {[%clk 1:09:28]}
43... Re7+ {[%clk 0:39:51]} 44. Be5 {[%clk 1:09:35]} 44... h4 {[%clk 0:37:22]}
45. d6 {[%clk 1:09:14]} 45... Re8 {[%clk 0:34:32]} 46. Ra1 {[%clk 1:08:34]}
46... Bd8 {[%clk 0:33:23]} 47. Kd5 {[%clk 1:04:41]} 47... Bb6 {[%clk 0:33:22]}
48. Rf1 {[%clk 1:04:06]} 48... Rf8 {[%clk 0:33:17]} 49. Ke4 {[%clk 1:04:16]}
49... Re8 {[%clk 0:32:58]} 50. Rxf4+ {[%clk 1:04:36]} 50... Kg5 {[%clk 0:33:01]
} 51. Rf5+ {[%clk 1:04:05]} 51... Kg6 {[%clk 0:33:10]} 52. Kf4 {[%clk 1:04:11]}
52... Bd8 {[%clk 0:33:01]} 53. Kg4 {[%clk 1:02:09]} 53... a5 {[%clk 0:31:57]}
54. Bf4 {[%clk 1:01:20]} 54... Re4 {[%clk 0:31:27]} 55. Rxc5 {[%clk 1:01:07]}
55... Bb6 {[%clk 0:30:32]} 56. Re5 {[%clk 1:00:01]} 56... Rd4 {[%clk 0:30:29]}
57. Rd5 {[%clk 0:58:50]} 57... Re4 {[%clk 0:30:22]} 58. c5 {[%clk 0:58:34]}
58... Bd8 {[%clk 0:30:38]} 59. c6 {[%clk 0:58:47]} 59... Re6 {[%clk 0:30:39]}
60. c7 {[%clk 0:58:48]} 60... Bxc7 {[%clk 0:31:04]} 61. dxc7 {[%clk 0:59:06]}
61... Rc6 {[%clk 0:31:07]} 62. Rd6+ {[%clk 0:59:26]} 62... Rxd6 {[%clk 0:31:28]
} 63. Bxd6 {[%clk 0:59:33]} 63... Kf6 {[%clk 0:30:58]} 64. c8=Q {[%clk 0:59:47]
} 64... h3 {[%clk 0:31:20]} 65. Qf5+ {[%clk 1:00:07]} 65... Kg7 {[%clk 0:31:43]
} 66. Kg5 {[%clk 0:59:51]} 66... hxg2 {[%clk 0:31:56]} 67. Qg6+ {[%clk 1:00:13]
} 67... Kh8 {[%clk 0:32:17]} 68. Be5# 1-0